|
|
|
|
| LEADER |
00841nab#a2200301#ar4500 |
| 001 |
000050413 |
| 003 |
SVKKK |
| 005 |
20041112102047.0 |
| 008 |
041112c2004 xo e slo |
| FMT |
|
|
|
| 038 |
|
|
|a SVKKK
|
| 040 |
|
|
|a SVKKK
|b slo
|e AACR2
|
| 041 |
0 |
|
|a slo
|
| 044 |
|
|
|a xo
|c SK
|
| 080 |
|
|
|a 929 Tkáč, Alojz
|2 1997
|
| 080 |
|
|
|a 929 Tomko, Jozef
|2 1997
|
| 100 |
1 |
|
|a Tkáč, Alojz
|4 aut
|
| 245 |
1 |
0 |
|a Ad multos annos! :
|b (Mons. Tkáč kardinálovi Tomkovi)
|c Alojz Tkáč
|
| 600 |
1 |
4 |
|a Tkáč, Alojz,
|d 1934-,
|x arcibiskup
|z Ohradzany (Slovensko)
|x rodák
|
| 600 |
1 |
4 |
|a Tomko, Jozef,
|d 1924-,
|x kardinál
|z Udavské (Slovensko)
|x rodák
|
| 773 |
0 |
|
|t Katolícke noviny
|x 0139-8512
|g Roč. 119, č. 11 (2004), s. 2
|
| 957 |
|
|
|a 702
|
| 958 |
|
|
|a HE
|
| 974 |
|
|
|a Čr
|
| 992 |
|
|
|a RBX
|
| BAS |
|
|
|
| 852 |
|
|
|a SVKKK
|b BIB
|
| 998 |
|
|
|a REG
|